000 01233nam a2200325 i 4500
003 EG-GICUC
005 20260217133237.0
008 260217s2008 ua |||fr|||| 00| 0 ara d
017 _a10026/2087
040 _a EG-GICUC
_bara
_c EG-GICUC
_d EG-GICUC
_erda
041 0 _aAra
082 0 4 _221
_a343.435
_bم ن . إ
092 0 4 _221
099 _aLaw1 10 343.435 م ن . إ 2008
100 0 _aمنتصر سعيد حموده
_eمؤلف.
245 1 2 _aالإرهاب :
_bدراسة فقهية فى التشريع الجنائى الإسلامى /
_cتأليف دكتور منتصر سعيد حموده.
264 1 _aالإسكندرية :
_bدار الجامعة الجديدة،
_c2008.
300 _a248 ؛صفحة
_c24 سم.
_bإيضاحيات، صور، مثيليات ؛
336 _2rda content
_atext
337 _2rda media
_aComputer
338 _2rda carrier
_aOnline Resource
504 _a. 240-223 ببليوجرافيا: صفحات.
546 _aالنص باللغة العربية
650 1 _aالإرهاب
_2qrmak
650 1 _aالقانون الجنائى
_2qrmak
651 1 _2qrmak
856 4 0 _uhttps://fll.law.cu.edu.eg/fulltext/bks/B10-08345.pdf
905 _a54
942 _2ddc
_cBK
_e21
_n0
999 _c63255
_d63255